[Event "Junior Online 4NCL Division 4"]
[Site "online"]
[Date "2022.02.17"]
[EventDate "2022.02.17"]
[Round "3.115"]
[White "Mathew, Aidan"]
[WhiteElo "1154"]
[WhiteTeam "Uxbridge D"]
[Black "Winlaw, Joseph"]
[BlackElo "1443"]
[BlackTeam "Chess Rising Stars"]
[Result "0-1"]
[PlyCount "44"]

1. d4 Nf6 2. g3 e6 3. Bg2 c5 4. c3 d5 5. Bf4 Nc6 6. Nd2 cxd4 7. cxd4 Nxd4 8. Qa4+ Nc6 9. O-O-O Bd7 10. Kb1 Be7 11. Bg5 O-O 12. Bxf6 Bxf6 13. Qg4 Qb6 14. b3 a5 15. h4 a4 16. h5 axb3 17. Nxb3 Ne5 18. Qh3 Nc4 19. h6 g6 20. Bxd5 Na3+ 21. Kc1 Qc7+ 22. Kd2 Qc3# 0-1

[Event "Junior Online 4NCL Division 4"]
[Site "online"]
[Date "2022.02.17"]
[EventDate "2022.02.17"]
[Round "3.117"]
[White "Pandian, Naren"]
[WhiteElo "1003"]
[WhiteTeam "Uxbridge D"]
[Black "Tiers, Antoine"]
[BlackElo "1374"]
[BlackTeam "Chess Rising Stars"]
[Result "0-1"]
[PlyCount "100"]

1. e4 e5 2. Nc3 Nc6 3. Nf3 Bc5 4. h3 d6 5. Bc4 Be6 6. Bxe6 fxe6 7. O-O Nf6 8. d3 h6 9. Nh4 Nxe4 10. Nxe4 Qxh4 11. Nxc5 dxc5 12. f4 Rf8 13. Be3 O-O-O 14. Bxc5 Rxf4 15. Qe2 Nd4 16. Qxe5 Rd5 17. Rxf4 Qxf4 18. Qxf4 Ne2+ 19. Kh2 Nxf4 20. Bxa7 b6 21. Rf1 Ng6 22. c4 Rd7 23. c5 Kb7 24. cxb6 cxb6 25. Bxb6 Kxb6 26. Rf3 Kc5 27. Kg1 Ne5 28. Rf2 Kd4 29. Rd2 Rb7 30. b3 Ra7 31. a4 Rb7 32. a5 Rxb3 33. a6 Ra3 34. Kf2 Rxa6 35. Ke2 Ra3 36. g4 Rxd3 37. Rxd3+ Nxd3 38. Kf3 Ke5 39. Kg3 g5 40. h4 Ke4 41. hxg5 hxg5 42. Kh3 Kf3 43. Kh2 Kf2 44. Kh3 e5 45. Kh2 e4 46. Kh3 e3 47. Kh2 e2 48. Kh3 e1=Q 49. Kh2 Qg1+ 50. Kh3 Qg2# 0-1

[Event "Junior Online 4NCL Division 4"]
[Site "online"]
[Date "2022.02.17"]
[EventDate "2022.02.17"]
[Round "3.121"]
[White "Li, Emmanuelle"]
[WhiteElo "986"]
[WhiteTeam "Ojays G"]
[Black "Magnus, Michael"]
[BlackElo "800"]
[BlackTeam "Edgware Gambits H"]
[Result "1-0"]
[PlyCount "161"]

1. e4 e5 2. Nf3 Nc6 3. Nc3 Nf6 4. Bb5 a6 5. Bxc6 dxc6 6. h3 Nxe4 7. Nxe4 Bf5 8. Qe2 Qd5 9. Nc3 Qe6 10. Nxe5 f6 11. Nf3 Qxe2+ 12. Nxe2 Bc5 13. d4 Bb4+ 14. Bd2 Bxd2+ 15. Nxd2 O-O 16. c3 Rae8 17. Nf3 Bd3 18. Ng1 Rf7 19. O-O-O Rfe7 20. Rxd3 c5 21. dxc5 Re5 22. f4 Rxc5 23. Nd4 Rd5 24. Rd1 Red8 25. Ngf3 c5 26. Rhe1 cxd4 27. cxd4 h6 28. Re7 Rc8+ 29. Kb1 Rf5 30. g3 Kf8 31. Rxb7 Kg8 32. Ra7 Ra5 33. d5 Rd8 34. d6 Kf8 35. d7 Ke7 36. Re1+ Kd6 37. Rd1+ Kc6 38. b4 Rb5 39. Rxa6+ Kb7 40. Ra3 Kc7 41. Rc3+ Kb7 42. Ne1 Rxb4+ 43. Rb3 Rxb3+ 44. axb3 Kc6 45. Rc1+ Kxd7 46. b4 Rb8 47. Nd3 Kd6 48. Rc4 Kd5 49. Rc7 Rg8 50. Kb2 Kd4 51. Nc5 Kc4 52. Ka3 g6 53. Ka4 Kd5 54. b5 Rb8 55. Ka5 Kd6 56. Na6 g5 57. fxg5 fxg5 58. b6 h5 59. b7 Rxb7 60. Rxb7 Ke5 61. Rh7 Kf5 62. Rxh5 Kg6 63. Rh8 Kf5 64. Rg8 Kf6 65. Nc5 Kf5 66. g4+ Kf4 67. Ne6+ Kg3 68. Nxg5 Kh4 69. Ne6 Kxh3 70. g5 Kh4 71. g6 Kh5 72. g7 Kh6 73. Rh8+ Kg6 74. g8=Q+ Kf6 75. Nd4 Ke5 76. Qg6 Kxd4 77. Rh5 Ke3 78. Qg3+ Ke2 79. Rh2+ Kf1 80. Qg2+ Ke1 81. Qg1# 1-0

[Event "Junior Online 4NCL Division 4"]
[Site "online"]
[Date "2022.02.17"]
[EventDate "2022.02.17"]
[Round "3.122"]
[White "Kaul-Green, Axel"]
[WhiteElo "800"]
[WhiteTeam "Edgware Gambits H"]
[Black "Gray, Kate"]
[BlackElo "859"]
[BlackTeam "Ojays G"]
[Result "1-0"]
[PlyCount "53"]

1. e4 e5 2. Nf3 Nc6 3. Nc3 Nf6 4. Bc4 Bc5 5. O-O O-O 6. h3 d6 7. d3 h6 8. a3 Be6 9. b4 Bb6 10. Bxe6 fxe6 11. Be3 Nh7 12. d4 Qf6 13. dxe5 dxe5 14. Bxb6 axb6 15. Qd7 Rad8 16. Qxc7 Qg6 17. Qxb7 Nb8 18. Qxb6 Rc8 19. Nxe5 Qf6 20. Ng4 Qxc3 21. Rac1 Qc4 22. Ne5 Qxe4 23. Qxe6+ Rf7 24. Qxc8+ Rf8 25. Qe6+ Kh8 26. Nf7+ Rxf7 27. Qxe4 1-0

[Event "Junior Online 4NCL Division 4"]
[Site "online"]
[Date "2022.02.17"]
[EventDate "2022.02.17"]
[Round "3.123"]
[White "Srivastava, Avani"]
[WhiteElo "900"]
[WhiteTeam "Ojays G"]
[Black "Tchernitser, David"]
[BlackElo "825"]
[BlackTeam "Edgware Gambits H"]
[Result "0-1"]
[PlyCount "44"]

1. e4 e5 2. Nf3 Nc6 3. Nc3 Nf6 4. Bc4 d5 5. exd5 Nd4 6. Nxd4 exd4 7. Nb5 c6 8. dxc6 bxc6 9. Na3 Bg4 10. f3 Bh5 11. O-O Bc5 12. d3 O-O 13. Qe2 Rb8 14. c3 Qd7 15. cxd4 Qxd4+ 16. Kh1 Rbe8 17. Qd2 Re5 18. f4 Rf5 19. Qc2 Bg4 20. Bd2 Ne4 21. Bc1 Ng3+ 22. hxg3 Rh5# 0-1

[Event "Junior Online 4NCL Division 4"]
[Site "online"]
[Date "2022.02.17"]
[EventDate "2022.02.17"]
[Round "3.125"]
[White "Magnus, Michael"]
[WhiteElo "800"]
[WhiteTeam "Edgware Gambits H"]
[Black "Li, Emmanuelle"]
[BlackElo "986"]
[BlackTeam "Ojays G"]
[Result "0-1"]
[PlyCount "30"]

1. e4 e5 2. Nf3 Nc6 3. Nc3 Nf6 4. Bc4 Bb4 5. Ng5 d5 6. exd5 Nxd5 7. Nxd5 Qxg5 8. c3 Bd6 9. d4 Qxg2 10. Nxc7+ Bxc7 11. Kd2 Bf5 12. Rg1 Qxf2+ 13. Qe2 Qxg1 14. Qh5 g6 15. Qxh7 Rxh7 0-1

[Event "Junior Online 4NCL Division 4"]
[Site "online"]
[Date "2022.02.17"]
[EventDate "2022.02.17"]
[Round "3.126"]
[White "Gray, Kate"]
[WhiteElo "859"]
[WhiteTeam "Ojays G"]
[Black "Kaul-Green, Axel"]
[BlackElo "800"]
[BlackTeam "Edgware Gambits H"]
[Result "0-1"]
[PlyCount "72"]

1. e4 e5 2. Nf3 Nc6 3. Nc3 Nf6 4. Bc4 Nxe4 5. Nxe4 d5 6. Bd3 dxe4 7. Bxe4 Bc5 8. d3 O-O 9. O-O Qf6 10. Bg5 Qe6 11. h3 h6 12. Bh4 Be7 13. Bg3 Nd4 14. Nxd4 exd4 15. f4 Rb8 16. f5 Qf6 17. Bf2 b6 18. c3 dxc3 19. bxc3 Bb7 20. Bd4 Qd6 21. f6 Bxe4 22. dxe4 Bxf6 23. Bxf6 Qxd1 24. Raxd1 gxf6 25. Rxf6 Kg7 26. Rdf1 Rbe8 27. R1f4 Rd8 28. R6f5 Rd1+ 29. Kh2 Rd2 30. Rg4+ Kh7 31. Kg3 Rd3+ 32. Kh4 Rd7 33. Rf6 Rg8 34. Rgf4 Kg7 35. Rxf7+ Rxf7 36. Rxf7+ Kxf7 0-1

[Event "Junior Online 4NCL Division 4"]
[Site "online"]
[Date "2022.02.17"]
[EventDate "2022.02.17"]
[Round "3.127"]
[White "Tchernitser, David"]
[WhiteElo "825"]
[WhiteTeam "Edgware Gambits H"]
[Black "Srivastava, Avani"]
[BlackElo "900"]
[BlackTeam "Ojays G"]
[Result "0-1"]
[PlyCount "82"]

1. e4 e5 2. Nf3 Nc6 3. Nc3 Nf6 4. Bb5 h6 5. d3 d6 6. Nh4 Bd7 7. g3 Nd4 8. Bc4 Be7 9. g4 O-O 10. Bxh6 Nxg4 11. Nd5 Nxh6 12. Qh5 Bxh4 13. Qxh4 Qxh4 14. Nf6+ Qxf6 15. Rg1 b6 16. O-O-O g6 17. f4 exf4 18. Rdf1 Ne2+ 19. Kd2 Nxg1 20. Rxg1 Rae8 21. Rxg6+ Qxg6 22. Bxf7+ Rxf7 23. e5 dxe5 24. d4 exd4 25. c3 dxc3+ 26. Kxc3 f3 27. h4 f2 28. h5 Qxh5 29. b4 a6 30. b5 Bxb5 31. a4 Bxa4 32. Kd4 f1=Q 33. Kc3 b5 34. Kb4 Qh4+ 35. Ka5 c5 36. Kxa6 c4 37. Ka5 c3 38. Ka6 c2 39. Kb6 c1=Q 40. Ka6 Ra8+ 41. Kb6 Qc7# 0-1

[Event "Junior Online 4NCL Division 4"]
[Site "online"]
[Date "2022.02.17"]
[EventDate "2022.02.17"]
[Round "3.131"]
[White "Henton, George"]
[WhiteElo "670"]
[WhiteTeam "The Hall 3"]
[Black "Cole, Ted"]
[BlackElo "850"]
[BlackTeam "Surrey Kings 5"]
[Result "0-1"]
[PlyCount "58"]

1. e4 e5 2. Nf3 Nc6 3. Bc4 Nh6 4. Nc3 Bb4 5. d3 d6 6. Bg5 f6 7. Be3 Ng4 8. Bd2 Nd4 9. Nxd4 exd4 10. Nd5 Bxd2+ 11. Qxd2 Be6 12. O-O-O Bxd5 13. exd5 O-O 14. Rde1 Re8 15. Re4 Rxe4 16. dxe4 Qe8 17. Qxd4 c5 18. Qe3 Nxe3 19. fxe3 Qxe4 20. Bd3 Qxg2 21. Rf1 Re8 22. e4 Qxh2 23. Bc4 Rxe4 24. Bd3 Rd4 25. Re1 Rxd3 26. Re8+ Kf7 27. Re6 Qf4+ 28. Kb1 Qf1+ 29. Re1 Qxe1# 0-1

[Event "Junior Online 4NCL Division 4"]
[Site "online"]
[Date "2022.02.17"]
[EventDate "2022.02.17"]
[Round "3.135"]
[White "Cole, Ted"]
[WhiteElo "850"]
[WhiteTeam "Surrey Kings 5"]
[Black "Henton, George"]
[BlackElo "670"]
[BlackTeam "The Hall 3"]
[Result "1-0"]
[PlyCount "97"]

1. e4 e5 2. Nc3 Nf6 3. Nf3 Nc6 4. Bb5 Bc5 5. d3 Ng4 6. Rf1 Nxf2 7. Rxf2 Bxf2+ 8. Kxf2 O-O 9. Bxc6 dxc6 10. Nxe5 Re8 11. Nf3 Be6 12. Bg5 Qd6 13. e5 Qd7 14. Kg1 Bg4 15. Bf4 Qf5 16. Ne2 Qe6 17. a4 Qd5 18. Qf1 Qc5+ 19. Ned4 Qd5 20. c3 Qc5 21. Re1 Rad8 22. Kh1 Qd5 23. h3 Bh5 24. Bg5 f6 25. exf6 gxf6 26. Bxf6 Rd6 27. Rxe8+ Kf7 28. Re7+ Kxf6 29. Rxh7 Bg6 30. Rxc7 c5 31. Nb5 Re6 32. Nfd4+ Bf5 33. Nxe6 Qxe6 34. d4 Qe4 35. Nd6 Qe6 36. Nxf5 Qxf5 37. Qxf5+ Kxf5 38. Rxb7 a5 39. dxc5 Ke6 40. c6 Kd6 41. c7 Kd7 42. g4 Ke7 43. g5 Kf7 44. c8=Q+ Kg6 45. Qc5 Kh5 46. g6+ Kxg6 47. Rb6+ Kf7 48. Qc7+ Kg8 49. Rb8# 1-0

[Event "Junior Online 4NCL Division 4"]
[Site "online"]
[Date "2022.02.17"]
[EventDate "2022.02.17"]
[Round "3.141"]
[White "Ogilvie, Leo"]
[WhiteElo "808"]
[WhiteTeam "Manchester Check Mates"]
[Black "Kantaria, Shivam"]
[BlackElo "926"]
[BlackTeam "Edgware Gambits G"]
[Result "0-1"]
[PlyCount "48"]

1. e4 e5 2. Nf3 Nc6 3. Nc3 Nf6 4. d3 h6 5. Be3 Bb4 6. d4 Bxc3+ 7. bxc3 d6 8. d5 Na5 9. g3 Nxe4 10. Bg2 Nxc3 11. Qd2 Nxd5 12. Qxd5 Nc6 13. O-O Nb4 14. Qb5+ Nc6 15. Nd2 O-O 16. Bxc6 bxc6 17. Qxc6 Rb8 18. Rab1 Rxb1 19. Rxb1 Bd7 20. Qc4 Bh3 21. Nf3 Qa8 22. Qe2 Bg4 23. Qc4 Qxf3 24. Kf1 Qh1# 0-1

[Event "Junior Online 4NCL Division 4"]
[Site "online"]
[Date "2022.02.17"]
[EventDate "2022.02.17"]
[Round "3.142"]
[White "Simmons, Keaton"]
[WhiteElo "925"]
[WhiteTeam "Edgware Gambits G"]
[Black "Zheng, Kai"]
[BlackElo "784"]
[BlackTeam "Manchester Check Mates"]
[Result "1-0"]
[PlyCount "75"]

1. e4 e5 2. Nf3 Nc6 3. Bc4 Nf6 4. Ng5 Bc5 5. Nxf7 Qe7 6. Nxh8 b5 7. Bxb5 Qf8 8. Bxc6 dxc6 9. O-O Qxh8 10. Nc3 Bg4 11. Ne2 Nxe4 12. d3 Nd6 13. Bg5 Nf7 14. Be3 Bxe3 15. fxe3 Nd6 16. h3 Bh5 17. g4 Bg6 18. a3 e4 19. dxe4 Bxe4 20. Qd4 Bxc2 21. Qc3 Be4 22. Qe5+ Kd7 23. Rf4 Rf8 24. Rxe4 Nxe4 25. Qxe4 Re8 26. Rd1+ Kc8 27. Qxc6 Rxe3 28. Qd7+ Kb7 29. Nd4 Rg3+ 30. Kf2 Rxh3 31. Qc6+ Kc8 32. Ne6 g6 33. Re1 Qxb2+ 34. Kf1 Qf6+ 35. Ke2 Qe5+ 36. Kd2 Rh2+ 37. Kd3 Qxe1 38. Qxc7# 1-0

[Event "Junior Online 4NCL Division 4"]
[Site "online"]
[Date "2022.02.17"]
[EventDate "2022.02.17"]
[Round "3.144"]
[White "Mehta, Aanya"]
[WhiteElo "1000"]
[WhiteTeam "Edgware Gambits G"]
[Black "Al-azami, Hana"]
[BlackElo "742"]
[BlackTeam "Manchester Check Mates"]
[Result "0-1"]
[PlyCount "58"]

1. d3 e5 2. d4 Nc6 3. dxe5 Nxe5 4. Bf4 Bd6 5. c4 Nf6 6. c5 Bxc5 7. Bxe5 O-O 8. Qc1 Bb4+ 9. Nd2 Ne4 10. Qc4 Bxd2+ 11. Kd1 Nd6 12. Qc2 Bg5 13. Bc3 Ne4 14. Bd4 Bf6 15. f3 Nd6 16. Be3 Qe7 17. g4 Qxe3 18. g5 Bxg5 19. Nh3 h6 20. Nxg5 hxg5 21. Rg1 Qxg1 22. Kd2 Qxh2 23. Bh3 Qxh3 24. Qxc7 Nc4+ 25. Qxc4 d5 26. Qxd5 Be6 27. Qxe6 fxe6 28. Rh1 Qxh1 29. f4 Qd5+ 0-1

[Event "Junior Online 4NCL Division 4"]
[Site "online"]
[Date "2022.02.17"]
[EventDate "2022.02.17"]
[Round "3.145"]
[White "Kantaria, Shivam"]
[WhiteElo "926"]
[WhiteTeam "Edgware Gambits G"]
[Black "Ogilvie, Leo"]
[BlackElo "808"]
[BlackTeam "Manchester Check Mates"]
[Result "1-0"]
[PlyCount "75"]

1. e4 e5 2. Nf3 Nc6 3. d4 d6 4. d5 Nd4 5. Nxd4 exd4 6. Qxd4 c5 7. Qd1 Nf6 8. Nc3 g6 9. Bb5+ Bd7 10. Bxd7+ Qxd7 11. O-O Bg7 12. Re1 O-O 13. Bf4 Nh5 14. Bg5 Bxc3 15. bxc3 Rae8 16. Bh6 Nf6 17. Bxf8 Kxf8 18. c4 Nxe4 19. Qf3 Ng5 20. Rxe8+ Qxe8 21. Qg3 Ne4 22. Qe3 Nf6 23. Qxe8+ Nxe8 24. Rb1 b6 25. Ra1 a6 26. a4 Nc7 27. a5 b5 28. cxb5 Nxb5 29. Rb1 Nc3 30. Rb6 Nxd5 31. Rxd6 Nb4 32. c3 Na2 33. Rxa6 Nxc3 34. Rc6 Na4 35. a6 f5 36. a7 Nc3 37. Rc7 Nb5 38. a8=R# 1-0

[Event "Junior Online 4NCL Division 4"]
[Site "online"]
[Date "2022.02.17"]
[EventDate "2022.02.17"]
[Round "3.146"]
[White "Zheng, Kai"]
[WhiteElo "784"]
[WhiteTeam "Manchester Check Mates"]
[Black "Simmons, Keaton"]
[BlackElo "925"]
[BlackTeam "Edgware Gambits G"]
[Result "1-0"]
[PlyCount "143"]

1. e4 e5 2. Qh5 Nf6 3. Qxe5+ Qe7 4. Qxc7 Qxe4+ 5. Be2 Qxg2 6. Qxc8+ Ke7 7. Qxb7 Qxh1 8. Qxa8 Qxg1+ 9. Bf1 Ne4 10. Qxe4+ Kd6 11. Qf4+ Ke6 12. Qxb8 Qg6 13. Bc4+ Ke7 14. Bd3 Qg1+ 15. Ke2 Qxc1 16. Qb4+ Kf6 17. Qf4+ Ke6 18. Bc4+ Ke7 19. Qxf7+ Kd8 20. Qd5 Qxb2 21. Qa8+ Ke7 22. Qe4+ Kf6 23. Qf3+ Ke5 24. Bd3 Qxa1 25. Bxh7 Qxb1 26. Qf5+ Kd4 27. Qxd7+ Kc4 28. Qg4+ Kd5 29. c4+ Kc5 30. Bxb1 Rxh2 31. Qf5+ Kxc4 32. Qf4+ Kd5 33. Qxh2 Bc5 34. Qg2+ Kc4 35. d3+ Kc3 36. f4 Be7 37. Qxg7+ Bf6 38. Qxf6+ Kb4 39. Qd4+ Kb5 40. Qxa7 Kc6 41. d4 Kd6 42. d5 Kxd5 43. Be4+ Kxe4 44. Qa8+ Kxf4 45. a3 Ke5 46. Qh8+ Kd5 47. Kd1 Kc5 48. Ke2 Kb5 49. a4+ Kxa4 50. Qa1+ Kb4 51. Qa2 Kc5 52. Qb3 Kd4 53. Qc2 Ke5 54. Qd3 Kf4 55. Ke1 Ke5 56. Kd1 Ke6 57. Qd4 Kf5 58. Qe3 Kf6 59. Qe4 Kf7 60. Qe5 Kf8 61. Qe6 Kg7 62. Qf5 Kg8 63. Qf6 Kh7 64. Qg5 Kh8 65. Kd2 Kh7 66. Ke3 Kh8 67. Ke4 Kh7 68. Kf5 Kh8 69. Kf6 Kh7 70. Kf7 Kh8 71. Kf8 Kh7 72. Qg7# 1-0

[Event "Junior Online 4NCL Division 4"]
[Site "online"]
[Date "2022.02.17"]
[EventDate "2022.02.17"]
[Round "3.147"]
[White "Vijayadeva, Ishani"]
[WhiteElo "1000"]
[WhiteTeam "Edgware Gambits G"]
[Black "Ashby, Ben"]
[BlackElo "800"]
[BlackTeam "Manchester Check Mates"]
[Result "0-1"]
[PlyCount "104"]

1. e4 e5 2. Nf3 Nc6 3. Bc4 Nf6 4. Nc3 a6 5. O-O b5 6. Bd3 a5 7. Nxb5 Ba6 8. b3 Rb8 9. Bb2 Bxb5 10. Bxb5 Rxb5 11. c4 Rd5 12. cxd5 d6 13. dxc6 Nxe4 14. a3 d5 15. Nxe5 Nc5 16. Bd4 Ne4 17. d3 Nc3 18. Bxc3 d4 19. Bb2 f6 20. Nc4 f5 21. Nxa5 g5 22. Nb7 Qb8 23. Nc5 Bxc5 24. b4 O-O 25. bxc5 Qxb2 26. Rc1 Qxa3 27. Re1 Qxc5 28. Qh5 Qxc6 29. Qxg5+ Kf7 30. Qf4 Kg6 31. Qxd4 Qa8 32. Qd7 Rd8 33. Qxc7 Qb8 34. Qxh7+ Kxh7 35. Rc4 Rxd3 36. h3 Kg6 37. f3 Qb5 38. Rh4 Kg5 39. Rh7 Kg6 40. Rhe7 Kf6 41. R7e2 Kg5 42. g4 Rxf3 43. gxf5 Rxh3 44. Re6 Rf3 45. f6 Rxf6 46. R6e4 Kf5 47. Kg2 Kg6 48. Rd1 Rc6 49. Kg3 Rc4 50. Re3 Qf5 51. Ra1 Rg4+ 52. Kh3 Qh5# 0-1

[Event "Junior Online 4NCL Division 4"]
[Site "online"]
[Date "2022.02.17"]
[EventDate "2022.02.17"]
[Round "3.148"]
[White "Al-azami, Hana"]
[WhiteElo "742"]
[WhiteTeam "Manchester Check Mates"]
[Black "Mehta, Aanya"]
[BlackElo "1000"]
[BlackTeam "Edgware Gambits G"]
[Result "1-0"]
[PlyCount "33"]

1. e4 e5 2. Nf3 Nc6 3. Nc3 Nf6 4. Bc4 Ba3 5. bxa3 Na5 6. O-O Nxc4 7. Qe2 O-O 8. Qxc4 b6 9. Nxe5 Ba6 10. Qxa6 Nd5 11. Nxd5 Qc8 12. Qe2 Re8 13. Qg4 Re7 14. Nxe7+ Kf8 15. Nxc8 Rxc8 16. Qf5 g6 17. Qxf7# 1-0

[Event "Junior Online 4NCL Division 4"]
[Site "online"]
[Date "2022.02.17"]
[EventDate "2022.02.17"]
[Round "3.161"]
[White "Gunatilake, Avishka"]
[WhiteElo "1067"]
[WhiteTeam "Knights of Fishponds"]
[Black "Nargund, Sujan"]
[BlackElo "984"]
[BlackTeam "Uxbridge E"]
[Result "0-1"]
[PlyCount "88"]

1. e4 c5 2. Bc4 Nc6 3. Qh5 e6 4. Qd1 g6 5. Nf3 Bg7 6. Ng5 Qxg5 7. d3 Qxg2 8. Rf1 Qxh2 9. Nc3 Nge7 10. Be3 d6 11. Qe2 O-O 12. O-O-O Qh5 13. Qd2 Bxc3 14. Qxc3 Qe5 15. Qxe5 Nxe5 16. f4 Nxc4 17. dxc4 b6 18. Rh1 Rd8 19. Bd2 Ba6 20. Bc3 Bxc4 21. Rd2 d5 22. Rdh2 h5 23. f5 exf5 24. exf5 Nxf5 25. Bf6 Rd6 26. b3 Rxf6 27. bxc4 dxc4 28. Re2 Ng3 29. Ree1 Nxh1 30. Rxh1 Re8 31. Rd1 Re7 32. a3 g5 33. Kb1 h4 34. Rg1 Rf5 35. Rh1 Re4 36. Rg1 g4 37. Rh1 h3 38. Kc1 g3 39. Rd1 g2 40. Rd8+ Kg7 41. Rd1 h2 42. Kb2 g1=Q 43. Rxg1+ hxg1=Q 44. c3 Re2# 0-1

[Event "Junior Online 4NCL Division 4"]
[Site "online"]
[Date "2022.02.17"]
[EventDate "2022.02.17"]
[Round "3.163"]
[White "Huke, Senna"]
[WhiteElo "850"]
[WhiteTeam "Knights of Fishponds"]
[Black "Binny, Arjun"]
[BlackElo "936"]
[BlackTeam "Uxbridge E"]
[Result "0-1"]
[PlyCount "72"]

1. d4 e6 2. e4 d5 3. exd5 exd5 4. Bd3 c5 5. Nf3 c4 6. Be2 Bf5 7. Bg5 Be7 8. Bxe7 Qxe7 9. Nc3 Qd8 10. O-O Nc6 11. h3 Nf6 12. Ne5 O-O 13. Nxc6 bxc6 14. g4 Bg6 15. Qd2 h5 16. gxh5 Nxh5 17. Bxh5 Bxh5 18. Rfe1 Qh4 19. f4 Qg3+ 20. Qg2 Qxf4 21. Ne2 Bxe2 22. Rxe2 Qxd4+ 23. Qf2 Qxb2 24. Qf1 Qb6+ 25. Rf2 Rae8 26. Re1 Rxe1 27. Qxe1 Qc7 28. a4 Qg3+ 29. Rg2 Qxe1+ 30. Kh2 d4 31. Rg1 Qe5+ 32. Rg3 d3 33. cxd3 cxd3 34. Kh1 Qxg3 35. a5 d2 36. a6 d1=Q# 0-1

[Event "Junior Online 4NCL Division 4"]
[Site "online"]
[Date "2022.02.17"]
[EventDate "2022.02.17"]
[Round "3.165"]
[White "Nargund, Sujan"]
[WhiteElo "984"]
[WhiteTeam "Uxbridge E"]
[Black "Gunatilake, Avishka"]
[BlackElo "1067"]
[BlackTeam "Knights of Fishponds"]
[Result "1-0"]
[PlyCount "93"]

1. e4 e5 2. Nf3 Nc6 3. Bc4 Nf6 4. Ng5 d5 5. exd5 Nxd5 6. Nxf7 Kxf7 7. Qf3+ Ke8 8. Bxd5 Ne7 9. Qf7+ Kd7 10. Be6+ Kc6 11. O-O Ng6 12. Re1 Bxe6 13. Qxe6+ Bd6 14. Re3 Nf4 15. Rc3+ Kb6 16. Qb3+ Ka6 17. Qa4+ Kb6 18. Rb3+ Kc5 19. Qb5+ Kd4 20. f3 Ne2+ 21. Qxe2 Kd5 22. Qe4+ Ke6 23. f4 Qf8 24. fxe5 Bxe5 25. d4 Qf7 26. Qxe5+ Kd7 27. Rxb7 Rhf8 28. Rxc7+ Kd8 29. Rxf7 Rxf7 30. Bg5+ Kd7 31. Qd5+ Kc7 32. Qxf7+ Kb6 33. Qb3+ Kc6 34. Qc4+ Kd6 35. Qc5+ Ke6 36. Qe5+ Kf7 37. Qf5+ Ke8 38. Qe6+ Kf8 39. Qe7+ Kg8 40. d5 Rf8 41. Nc3 Rf7 42. Qd8+ Rf8 43. Qd6 Rf7 44. Re1 Rf8 45. Qe6+ Rf7 46. Rf1 Kf8 47. Qxf7# 1-0

[Event "Junior Online 4NCL Division 4"]
[Site "online"]
[Date "2022.03.03"]
[EventDate "2022.03.03"]
[Round "4.11"]
[White "Jiang, Aaron"]
[WhiteElo "986"]
[WhiteTeam "York Chessnuts Knights"]
[Black "Tao, Lucas"]
[BlackElo "1200"]
[BlackTeam "London Dragons Dysprosium"]
[Result "1-0"]
[PlyCount "63"]

1. e4 c5 2. Nc3 Nc6 3. Nf3 Nf6 4. d4 cxd4 5. Nxd4 e5 6. Nxc6 bxc6 7. Bg5 h6 8. Bh4 Bc5 9. Bc4 g5 10. Bg3 Qc7 11. O-O h5 12. h4 Nh7 13. Qxh5 d6 14. hxg5 Bd7 15. g6 fxg6 16. Qxg6+ Kd8 17. Bh4+ Kc8 18. Ba6+ Kb8 19. Rad1 Qa5 20. Bc4 Kb7 21. Qf7 Kc7 22. Be6 Nf8 23. Bf6 Rh7 24. Bg7 Nxe6 25. Nd5+ Kc8 26. Ne7+ Kb7 27. Nf5 Qd8 28. Rd3 Nxg7 29. Nxg7 Qh4 30. Qxd7+ Ka6 31. Qxc6+ Bb6 32. Ra3# 1-0

[Event "Junior Online 4NCL Division 4"]
[Site "online"]
[Date "2022.03.03"]
[EventDate "2022.03.03"]
[Round "4.12"]
[White "Pan, Ailun"]
[WhiteElo "1220"]
[WhiteTeam "London Dragons Dysprosium"]
[Black "Meyers, Grace"]
[BlackElo "1002"]
[BlackTeam "York Chessnuts Knights"]
[Result "1-0"]
[PlyCount "49"]

1. e4 e5 2. Nf3 Nc6 3. Bc4 Nf6 4. Nc3 Bc5 5. O-O O-O 6. d3 h6 7. Be3 b6 8. Bxc5 bxc5 9. Nd5 Rb8 10. Rb1 d6 11. Nxf6+ Qxf6 12. h3 Nd4 13. Nxd4 exd4 14. f4 Qg6 15. f5 Qf6 16. Bd5 Rb6 17. a4 c6 18. Bc4 d5 19. Ba2 dxe4 20. dxe4 Re8 21. a5 Rb7 22. a6 Rbe7 23. Bc4 Rxe4 24. Qf3 R4e7 25. c3 1-0

[Event "Junior Online 4NCL Division 4"]
[Site "online"]
[Date "2022.03.03"]
[EventDate "2022.03.03"]
[Round "4.14"]
[White "Bogerd, Ethan"]
[WhiteElo "1153"]
[WhiteTeam "London Dragons Dysprosium"]
[Black "Geng, Daniel"]
[BlackElo "900"]
[BlackTeam "York Chessnuts Knights"]
[Result "1-0"]
[PlyCount "37"]

1. d4 d5 2. Nf3 Nc6 3. Bf4 Nf6 4. c3 Bf5 5. Nbd2 e6 6. e3 Bd6 7. Ne5 Bxe5 8. dxe5 Nh5 9. Qxh5 O-O 10. Be2 Bg6 11. Qf3 Qh4 12. Bg3 Qg5 13. O-O Ne7 14. Qg4 Qxg4 15. Bxg4 Bd3 16. Rfe1 g6 17. Bh4 Nc6 18. Nf3 h5 19. Bh3 1-0

[Event "Junior Online 4NCL Division 4"]
[Site "online"]
[Date "2022.03.03"]
[EventDate "2022.03.03"]
[Round "4.15"]
[White "Tao, Lucas"]
[WhiteElo "1200"]
[WhiteTeam "London Dragons Dysprosium"]
[Black "Jiang, Aaron"]
[BlackElo "986"]
[BlackTeam "York Chessnuts Knights"]
[Result "0-1"]
[PlyCount "92"]

1. e4 e5 2. Nf3 Nc6 3. d4 d6 4. Nc3 Nf6 5. Be2 Be6 6. d5 Bxd5 7. exd5 Ne7 8. Bg5 Qd7 9. Qd3 O-O-O 10. O-O-O Kb8 11. Nb5 c6 12. Nxa7 Kxa7 13. Be3+ Kb8 14. Qa3 Nexd5 15. Bc4 Nxe3 16. fxe3 d5 17. Nxe5 Bxa3 18. Nxd7+ Rxd7 19. bxa3 dxc4 20. Rxd7 Nxd7 21. Rd1 Rd8 22. e4 Kc7 23. e5 Nxe5 24. Rxd8 Kxd8 25. Kd2 Ke7 26. Ke3 Ke6 27. Ke4 c5 28. c3 f5+ 29. Kf4 Kf6 30. a4 g5+ 31. Ke3 f4+ 32. Ke4 h5 33. Kd5 b6 34. a5 bxa5 35. Kxc5 Kf5 36. Kb5 Ke4 37. Kxa5 Kd3 38. a4 Kxc3 39. Kb6 Kb4 40. a5 c3 41. a6 c2 42. a7 Nc4+ 43. Kb7 c1=Q 44. a8=Q Nd6+ 45. Kb6 Qc5+ 46. Ka6 Qa5# 0-1

[Event "Junior Online 4NCL Division 4"]
[Site "online"]
[Date "2022.03.03"]
[EventDate "2022.03.03"]
[Round "4.16"]
[White "Meyers, Grace"]
[WhiteElo "1002"]
[WhiteTeam "York Chessnuts Knights"]
[Black "Pan, Ailun"]
[BlackElo "1220"]
[BlackTeam "London Dragons Dysprosium"]
[Result "0-1"]
[PlyCount "64"]

1. e4 e5 2. Nf3 Nc6 3. Bc4 Bc5 4. Nc3 Nf6 5. d3 O-O 6. O-O d6 7. h3 Nh5 8. Bg5 Qd7 9. a3 Nd4 10. Nd5 Nxf3+ 11. Qxf3 c6 12. Nc3 h6 13. Bd2 Qe7 14. Qxh5 Qf6 15. Be3 Bd4 16. Kh1 Be6 17. Rab1 Bxc4 18. dxc4 Rab8 19. Ne2 Bb6 20. b4 Qe6 21. Kg1 Qxc4 22. Qg4 Bxe3 23. fxe3 Qxc2 24. Ng3 Qc3 25. Nf5 g6 26. Nxh6+ Kg7 27. Nf5+ Kg8 28. Ne7+ Kg7 29. Nf5+ Kg8 30. Nh6+ Kh7 31. Nxf7 Qxe3+ 32. Kh1 Kg7 0-1

[Event "Junior Online 4NCL Division 4"]
[Site "online"]
[Date "2022.03.03"]
[EventDate "2022.03.03"]
[Round "4.18"]
[White "Geng, Daniel"]
[WhiteElo "900"]
[WhiteTeam "York Chessnuts Knights"]
[Black "Bogerd, Ethan"]
[BlackElo "1153"]
[BlackTeam "London Dragons Dysprosium"]
[Result "1-0"]
[PlyCount "45"]

1. d4 d5 2. Bf4 Bf5 3. e3 e6 4. c3 c6 5. Bd3 Ne7 6. Nf3 Bxd3 7. Qxd3 Ng6 8. Bg3 c5 9. Nbd2 Nc6 10. O-O-O Be7 11. h4 h5 12. e4 c4 13. Qc2 Qa5 14. Kb1 O-O 15. Rhe1 b5 16. exd5 exd5 17. Ne5 Ncxe5 18. Bxe5 Bxh4 19. g3 Be7 20. Qf5 h4 21. gxh4 Nxh4 22. Qg4 b4 23. Qxg7# 1-0